Multiple Choice City Quiz – Philadelphia - Statistics

General Stats
  • This quiz has been taken 174 times
  • The average score is 5 of 10
Answer Stats
Question Answer % Correct
What famous food comes from Philadelphia? The Cheesesteak
93%
What is Philadelphia's NFL team called? Philadelphia Eagles
87%
What war was the Philadelphia campaign from? The American Revolution
59%
Philadelphia is the _ biggest city in the USA. 6th
56%
Which one of these cities is sister cities with Philadelphia? Florence, Italy
43%
What is the main subway system in Philadelphia? SEPTA Metro
40%
What are the 2 main colors on the flag of Philadelphia? Blue and yellow
37%
What is the tallest building in Philadelphia? Comcast Technology Center
35%
What year was Philadelphia founded? 1682
34%
How many mayors has Philadelphia had? 100
16%
No matching quizzes found
Score Distribution
Percent of People with Each Score
Percentile by Number Answered
Your Score History
You have not taken this quiz